| 000 | 00498cam a22001814a 4500 | ||
|---|---|---|---|
| 005 | 20250605164245.0 | ||
| 008 | 250528s ||||||||||||||||||||||||d | ||
| 035 | _a21463 | ||
| 040 |
_aGR-AtMCL _bgre _dGR-AtMCL _eAACR2 |
||
| 245 | 1 | _aΗ ΘΕΣΗ ΤΗΣ ΓΥΝΑΙΚΑΣ ΣΤΗΝ ΕΛΛΑΔΑ | |
| 250 | _a1 | ||
| 260 |
_bΛιβάνης, _c1984 |
||
| 300 | _a116 | ||
| 700 | 1 |
_aΠανταζη-Τζιφα Κωνσταντινα _97498 |
|
| 942 | _cBK | ||
| 999 |
_c6525 _d6525 |
||